| 000 | 00524nam a2200193Ia 4500 | ||
|---|---|---|---|
| 003 | GCL | ||
| 008 | 140319s9999 xx 000 0 eng d | ||
| 040 |
_aGCL / _cGCL |
||
| 082 | 0 | 4 |
_a621.3893 _bR S |
| 100 | 1 | _aRAMSEY, FRANCIS | |
| 245 | 1 | 0 |
_aSOUND AND RECORDING: AN INTRODUCTION / _cRAMSEY, FRANCIS |
| 700 | 1 | _aMC CORMICK, TIM | |
| 260 |
_a[S.N] : _bFOCAL PRESS ، _c1995 |
||
| 300 | _a359 P | ||
| 650 | 0 | 4 | _aالتحليل الرياضى |
| 650 | 0 | 4 | _aSOUNDS |
| 650 | 0 | 4 | _aRECORDING AND REPRODUCING |
| 942 |
_2ddc _cBK |
||
| 999 |
_c10437 _d10437 |
||